Integračný proces ako objavovanie spoločných hodnôt

Spoločné európske hodnoty. Európa je "jednotná vo svojej rozmanitosti" (Návrh zmluvy, 2003, s.11). Vedeckovýskumný projekt orientovaný na euroobčianstvo realizovaný na Ekonomickej fakulte UMB v Banskej Bystrici v rokoch 2003-2005. Výsledky získané riešením projektu.

Guardado en:
Detalles Bibliográficos
Autor principal: Martinkovičová, Miriam
Formato: Capítulo de libro
Lenguaje:eslovaco
Materias:
Etiquetas: Agregar Etiqueta
Sin Etiquetas, Sea el primero en etiquetar este registro!

MARC

LEADER 00000naa$a2200000$$$4500
001 0040953
005 20231107131505.4
041 0 |a slo 
044 |a SK 
245 1 0 |a Integračný proces ako objavovanie spoločných hodnôt  |c Miriam Martinkovičová 
520 |a Spoločné európske hodnoty. Európa je "jednotná vo svojej rozmanitosti" (Návrh zmluvy, 2003, s.11). Vedeckovýskumný projekt orientovaný na euroobčianstvo realizovaný na Ekonomickej fakulte UMB v Banskej Bystrici v rokoch 2003-2005. Výsledky získané riešením projektu. 
610 2 0 |a integrácia ekonomická medzinárodná 
610 2 0 |a Európa 
610 2 0 |a Európska únia 
610 2 0 |a občania 
610 2 0 |a sloboda 
610 2 0 |a tolerancia 
610 2 0 |a projekty 
100 1 |a Martinkovičová, Miriam